=LDR 00000nam 2200000 4500 =001 NUTBA000000000002994 =005 20201214085631 =035 ##$$a 0010-071400000000182 =008 201214################g##########0#ind## =020 ##$$a 978-979-29-3382 =040 ##$$a NBPDMAT =082 ##$$a 330 =090 ##$$a 330 $b Gun m =100 ##$$a Gunawan =245 1#$$a Memahami ekonomi dengan mudah /$c Gunawan, Mega Wilastomo ; editor, Putu Christian =260 ##$$a Yogyakarta :$b Andi,$c 2012 =300 ##$$a xviii, 142 hlm. ; $c 21x14 cm. =650 #4$$a Ekonomi =084 ##$$a 330 GUN m =250 ##$$a ed.1 =990 ##$$a 21405177 =990 ##$$a 21405178 =990 ##$$a 21405179 =990 ##$$a 21405180 =990 ##$$a 21405181